000
00268nam a2200109Ia 4500
001
1262228
005
20260417140407.0
008
260417s9999 xx 000 0 und d
020
_a
9789752893962
245
0
_a
72. Koğuş
_c
Orhan Kemal
260
_b
Everest Yayınları
999
_c
1262228
_d
1262228